| 000 | 00626nam a2200205 a 4500 | ||
|---|---|---|---|
| 003 | PILC | ||
| 005 | 20150112093429.0 | ||
| 008 | 100724s19uu xx 00 eng d | ||
| 020 | _a9780077109899 | ||
| 050 |
_aQA 76.76 _b.H893 2006 |
||
| 082 |
_aCSFr 005.1 _bH86 2006 |
||
| 245 |
_aSoftware project management/ _cBob Hughes and Mike Cotterell. |
||
| 250 | _a4th ed. | ||
| 260 |
_aNew York : _bMcGraw Hill Companies Inc, _c2006. |
||
| 300 |
_a357 pages : _bill., ; _c25 cm. |
||
| 650 |
_aSoftware management _99283 |
||
| 650 |
_aProgramme management - software _99284 |
||
| 700 |
_aCotterell, Mike _99285 |
||
| 942 |
_2lcc _cBK |
||
| 999 |
_c14317 _d14317 |
||